| 000 | 00363nam a22001217a 4500 | ||
|---|---|---|---|
| 999 |
_c69 _d69 |
||
| 005 | 20200811153908.0 | ||
| 008 | 200807b ||||| |||| 00| 0 eng d | ||
| 020 | _a0333396138 | ||
| 040 | _cCML | ||
| 245 |
_aThe Politics of Psychoanalysis. _cFrosh, S. |
||
| 260 |
_aLondon _bMacMillan Education Ltd _c1987 |
||
| 942 |
_2ddc _cBK _e1st Edition _h150.195 _mFRO |
||